000 00257nam a2200109Ia 4500
008 200302s9999 xx 000 0 und d
100 _aPhilip Drew
245 _aNew Tent Architecture
260 _bThames and Hudson Ltd.
260 _c2008
300 _a208 P.,
999 _c2769
_d2769